000 00679nam a22002057a 4500
008 100621t xxu||||| |||| 00| 0 eng d
010 _aB-389028
020 _a9788170086185
_c290.00
035 _aB-389028
037 _aUBH
_bRP/CL/UBH/278/23-03-10
040 _adpl
_beng
082 _a624.17
100 _aPunmia,B.C
245 _aTheory of Structures/
_cby B.C.Punmia,Ashok Kumar Jain&Arun Kumar Jain
260 _aDelhi
_bLaxmi Publishers
_c2009
270 _a113 Golden House Daryaganj
_bdelhi
_e110002
300 _axiv,647pgs
_b24cm
942 _2ddc
_cEN
_h624.17
_mPUN
999 _c36738
_d36738